Central Library OPAC University of Rajshahi

Great historical figures of Japan / (Record no. 35246)

MARC details
000 -LEADER
fixed length control field 00806nam a2200253 a 4500
001 - CONTROL NUMBER
control field 35246
003 - CONTROL NUMBER IDENTIFIER
rucl marc code BD-RjUL
005 - DATE AND TIME OF LATEST TRANSACTION
control field 20211209052303.0
008 - FIXED-LENGTH DATA ELEMENTS--GENERAL INFORMATION
fixed length control field 140522s1978 ja ac b 001 0ceng d
020 ## - INTERNATIONAL STANDARD BOOK NUMBER
International Standard Book Number 0870404318
035 ## - SYSTEM CONTROL NUMBER
System control number (BD-RjUL)35340
040 ## - CATALOGING SOURCE
Transcribing agency BD-RjUL
Modifying agency BD-RjUL
Original cataloging agency BD-RjUL
Language of cataloging BD-RjUL
082 ## - DEWEY DECIMAL CLASSIFICATION NUMBER
Classification number 301.952
Author mark and year GRE 1978
245 00 - TITLE STATEMENT
Title Great historical figures of Japan /
Statement of responsibility, etc. edited by Murakami Hyoe and Thomas J. Harper
260 ## - PUBLICATION, DISTRIBUTION, ETC. (IMPRINT)
Place of publication, distribution, etc. Tokyo :
Name of publisher, distributor, etc. Japan Culture Institute,
Date of publication, distribution, etc. 1978
300 ## - PHYSICAL DESCRIPTION
Pagination xii, 327 p. :
Illustrations ill., ports ;
Size 22 cm
504 ## - BIBLIOGRAPHY, ETC. NOTE
Bibliography, etc Includes bibliographical references and index
651 #0 - SUBJECT ADDED ENTRY--GEOGRAPHIC NAME
Geographic name Japan
General subdivision Biography
9 (RLIN) 102645
700 1# - ADDED ENTRY--PERSONAL NAME
Personal name Murakami, Hyōe,
Dates associated with a name 1923-2003
Personal name Harper, Thomas J.
942 ## - ADDED ENTRY ELEMENTS (KOHA)
Source of classification or shelving scheme Dewey Decimal Classification
Koha item type Books
Holdings
Lost status Source of classification or shelving scheme Damaged status Not for loan Collection code Permanent Location Current Location Shelving location Date acquired Source of acquisition Total Checkouts Full call number Date last seen Copy number Koha item type
  Dewey Decimal Classification   Not For Loan Non-fiction Central Library, University of Rajshahi Central Library, University of Rajshahi Reading Room 24/04/1979 Japan foundation   301.952 GRE 1978 22/05/2014 C-1 Books